<?xml version="1.0" encoding="UTF-8"?>
<record
    xmlns:xsi="http://www.w3.org/2001/XMLSchema-instance"
    xsi:schemaLocation="http://www.loc.gov/MARC21/slim http://www.loc.gov/standards/marcxml/schema/MARC21slim.xsd"
    xmlns="http://www.loc.gov/MARC21/slim">

  <leader>01608    a2200205   4500</leader>
  <controlfield tag="001">42044</controlfield>
  <controlfield tag="005">20260407155711.0</controlfield>
  <controlfield tag="008">260407a1974    arg                 spa d</controlfield>
  <controlfield tag="003">AR-UNSa-BCEJYS</controlfield>
  <datafield tag="040" ind1=" " ind2=" ">
    <subfield code="a">AR-UNSa-BCEJYS</subfield>
    <subfield code="b">spa</subfield>
    <subfield code="c">AR-UNSa-BCEJYS</subfield>
  </datafield>
  <datafield tag="080" ind1=" " ind2=" ">
    <subfield code="a">347.44</subfield>
    <subfield code="x">Contratos en general. Obligaciones </subfield>
  </datafield>
  <datafield tag="245" ind1="1" ind2="0">
    <subfield code="a">Instituciones de derecho civil</subfield>
    <subfield code="p">contratos</subfield>
  </datafield>
  <datafield tag="264" ind1=" " ind2="1">
    <subfield code="a">Buenos Aires :</subfield>
    <subfield code="b">Ediciones Depalma</subfield>
    <subfield code="c">1974</subfield>
  </datafield>
  <datafield tag="300" ind1=" " ind2=" ">
    <subfield code="a">5 v. (337 ; 402 ; 653 ; 710 ; 533 p.)</subfield>
    <subfield code="c">23 cm.</subfield>
  </datafield>
  <datafield tag="505" ind1=" " ind2=" ">
    <subfield code="a">Vol. I: 1. Introducci&#xF3;n a la doctrina general del contrato - 2. Ambito de aplicaci&#xF3;n del contrato - 3. Clasificaciones de los contratos - 4. Formaci&#xF3;n del contrato -- Vol. II: 5. Antecontrato. Autocontrato. Interpretaci&#xF3;n contractual - 6. Capacidad para contratar -- Vol. III: 7. Causa y objeto de los contratos - 8. La forma en los contratos - 9. La prueba en los contratos - 10. Efectos de los contratos entre las partes. Situaci&#xF3;n de los sucesores singulares y de los terceros - 11. Fuerza obligatoria de los contratos - 12. Estipulaciones en favor de tercero, a cargo de tercero y a nombre de tercero - 13. Acci&#xF3;n subrogatoria y acci&#xF3;n directa - 14. Excepciones de incumplimiento y pacto comisorio - 15. Causales de resoluci&#xF3;n y extinci&#xF3;n de los contratos -- Vol. IV: 16. Compraventa y permuta - 17. Efectos de la compraventa - 18. Cesi&#xF3;n de cr&#xE9;ditos - 19. Locaci&#xF3;n de cosas -- Vol. V: 20. Locaci&#xF3;n de cosas - 21. Locaci&#xF3;n de servicios (contrato de trabajo) - 22. Locaci&#xF3;n de obra - </subfield>
  </datafield>
  <datafield tag="041" ind1=" " ind2=" ">
    <subfield code="a">spa</subfield>
  </datafield>
  <datafield tag="942" ind1=" " ind2=" ">
    <subfield code="c">BK</subfield>
  </datafield>
  <datafield tag="590" ind1=" " ind2=" ">
    <subfield code="a">niveau_biblio:m niveau_hierar:0</subfield>
  </datafield>
  <datafield tag="100" ind1="1" ind2=" ">
    <subfield code="a">Spota, Alberto G.</subfield>
  </datafield>
  <datafield tag="999" ind1=" " ind2=" ">
    <subfield code="c">3569</subfield>
    <subfield code="d">3569</subfield>
  </datafield>
  <datafield tag="952" ind1=" " ind2=" ">
    <subfield code="0">0</subfield>
    <subfield code="1">0</subfield>
    <subfield code="4">0</subfield>
    <subfield code="7">0</subfield>
    <subfield code="a">BCEJYS</subfield>
    <subfield code="b">BCEJYS</subfield>
    <subfield code="c">16</subfield>
    <subfield code="d">2026-04-07</subfield>
    <subfield code="l">0</subfield>
    <subfield code="o">347.44 S765 v.1</subfield>
    <subfield code="p">L87272</subfield>
    <subfield code="r">2026-04-07 15:57:11</subfield>
    <subfield code="w">2026-04-07</subfield>
    <subfield code="y">L</subfield>
  </datafield>
  <datafield tag="952" ind1=" " ind2=" ">
    <subfield code="0">0</subfield>
    <subfield code="1">0</subfield>
    <subfield code="4">0</subfield>
    <subfield code="7">0</subfield>
    <subfield code="a">BCEJYS</subfield>
    <subfield code="b">BCEJYS</subfield>
    <subfield code="c">16</subfield>
    <subfield code="d">2026-04-07</subfield>
    <subfield code="l">0</subfield>
    <subfield code="o">347.44 S765 v.2</subfield>
    <subfield code="p">L87273</subfield>
    <subfield code="r">2026-04-07 15:57:11</subfield>
    <subfield code="w">2026-04-07</subfield>
    <subfield code="y">L</subfield>
  </datafield>
  <datafield tag="952" ind1=" " ind2=" ">
    <subfield code="0">0</subfield>
    <subfield code="1">0</subfield>
    <subfield code="4">0</subfield>
    <subfield code="7">0</subfield>
    <subfield code="a">BCEJYS</subfield>
    <subfield code="b">BCEJYS</subfield>
    <subfield code="c">16</subfield>
    <subfield code="d">2026-04-07</subfield>
    <subfield code="l">0</subfield>
    <subfield code="o">347.44 S765 v.3</subfield>
    <subfield code="p">L87215</subfield>
    <subfield code="r">2026-04-07 15:57:11</subfield>
    <subfield code="w">2026-04-07</subfield>
    <subfield code="y">L</subfield>
  </datafield>
  <datafield tag="952" ind1=" " ind2=" ">
    <subfield code="0">0</subfield>
    <subfield code="1">0</subfield>
    <subfield code="4">0</subfield>
    <subfield code="7">0</subfield>
    <subfield code="a">BCEJYS</subfield>
    <subfield code="b">BCEJYS</subfield>
    <subfield code="c">16</subfield>
    <subfield code="d">2026-04-07</subfield>
    <subfield code="l">0</subfield>
    <subfield code="o">347.44 S765 v.4</subfield>
    <subfield code="p">L87216</subfield>
    <subfield code="r">2026-04-07 15:57:11</subfield>
    <subfield code="w">2026-04-07</subfield>
    <subfield code="y">L</subfield>
  </datafield>
  <datafield tag="952" ind1=" " ind2=" ">
    <subfield code="0">0</subfield>
    <subfield code="1">0</subfield>
    <subfield code="4">0</subfield>
    <subfield code="7">0</subfield>
    <subfield code="a">BCEJYS</subfield>
    <subfield code="b">BCEJYS</subfield>
    <subfield code="c">16</subfield>
    <subfield code="d">2026-04-07</subfield>
    <subfield code="l">0</subfield>
    <subfield code="o">347.44 S765 v.5</subfield>
    <subfield code="p">L87217</subfield>
    <subfield code="r">2026-04-07 15:57:11</subfield>
    <subfield code="w">2026-04-07</subfield>
    <subfield code="y">L</subfield>
  </datafield>
</record>
